00255nam a2200097Ia 4500008004100000082001600041100002800057245002700085260003700112300000800149150731s2009 xx 000 0 und d a610bA 09 S aSHARMA, JAGDEESH PRASAD aAYURVED CHIKITSA SUTRA bCHAUKHAMBHA PUB. NEW DELHIc2009 a373